000 00987nam a22002417a 4500
005 20240530110510.0
008 151027s2010 ua g 000 0 ara d
017 _a2010/17361
_bمصر . دار الكتب المصرية
040 _aEG-CaGPL
082 0 4 _221
_a341.775\
_bع هـ
100 0 _aعبدالله الاشعل
245 _aهولوكوست غزة فى نظر القانون الدولى /
_cتاليف عبدالله الاشعل
250 _aط1
260 _aالقاهرة :
_bمكتبة جزيرة الورد ،
_c2010 .
300 _a232 ص ؛
_c24 سم .
650 _aالقضية الفلسطينية
651 0 4 _aفلسطين
_xالوضع الدولى
651 0 4 _aفلسطين المحتلة ( 1948 - )
651 0 4 _aفلسطين
_xالنزاع العربى الاسرائيلى
651 0 4 _aفلسطين
_xتاريخ
_yالعصر الحديث
_xالاحتلال الصهيونى
942 _2ddc
_cBK
999 _c61664
_d61664